[Event "OEISM 0818 BLMM"]
[Site "austriablmm"]
[Date "2020.12.12"]
[Round "4"]
[White "matschi2006"]
[Black "Daniel05"]
[Result "1/2-1/2"]
[WhiteElo "1731"]
[BlackElo "1857"]
[Annotator "NA RC"]
[PlyCount "55"]
[EventDate "2020.12.12"]
[EventType "blitz"]
[TimeControl "600+3"]

1. d4 {[%emt 0:00:11]} Nf6 {[%emt 0:00:01]} 2. Bg5 {[%emt 0:00:05]} e6 {[%emt 0:00:06]} 3. e4 {[%emt 0:00:02]} h6 {[%emt 0:00:01]} 4. Bxf6 {[%emt 0:00:05]} Qxf6 {[%emt 0:00:00]} 5. Nf3 {[%emt 0:00:01] matschi2006 offers a draw} d6 {[%emt 0:00:04]} 6. c3 {[%emt 0:00:03]} g6 {[%emt 0:00:03]} 7. Bd3 {[%emt 0:00:03]} Qe7 {[%emt 0:00:01]} 8. Nbd2 {[%emt 0:00:02]} Bg7 {[%emt 0:00:01]} 9. O-O {[%emt 0:00:01]} O-O {[%emt 0:00:01]} 10. Re1 {[%emt 0:00:02]} e5 {[%emt 0:00:02]} 11. Nf1 {[%emt 0:01:49]} Bg4 {[%emt 0:00:27]} 12. h3 {[%emt 0:00:04]} Bxf3 {[%emt 0:00:04]} 13. Qxf3 {[%emt 0:00:03]} exd4 {[%emt 0:00:00]} 14. cxd4 {[%emt 0:00:20]} Bxd4 {[%emt 0:00:00]} 15. Ne3 {[%emt 0:00:01]} c6 {[%emt 0:00:14]} 16. Qg3 {[%emt 0:00:12]} Bg7 {[%emt 0:02:12]} 17. Nc4 {[%emt 0:00:09]} Be5 {[%emt 0:01:10]} 18. f4 {[%emt 0:02:04]} Bd4+ {[%emt 0:00:02]} 19. Kh1 {[%emt 0:00:01]} b5 {[%emt 0:00:24]} 20. Ne3 {[%emt 0:00:49]} Bxe3 {[%emt 0:00:01]} 21. Qxe3 {[%emt 0:00:04]} Nd7 {[%emt 0:00:00]} 22. e5 {[%emt 0:00:10]} dxe5 {[%emt 0:00:15]} 23. fxe5 {[%emt 0:00:01]} Kg7 {[%emt 0:00:22]} 24. e6 {[%emt 0:00:05]} Qxe6 {[%emt 0:01:50]} 25. Qxe6 {[%emt 0:00:04]} fxe6 {[%emt 0:00:00]} 26. Rxe6 {[%emt 0:00:01]} Rf6 {[%emt 0:02:09]} 27. Re7+ {[%emt 0:00:03]} Rf7 {[%emt 0:00:01]} 28. Re6 {[%emt 0:00:01] matschi2006 offers a draw} 1/2-1/2

[Event "OEISM 0818 BLMM"]
[Site "austriablmm"]
[Date "2020.12.12"]
[Round "4"]
[White "Ji-Jay-Jim"]
[Black "Freeclimber"]
[Result "1-0"]
[WhiteElo "1723"]
[BlackElo "1494"]
[Annotator "NA RC"]
[PlyCount "47"]
[EventDate "2020.12.12"]
[EventType "blitz"]

1. e4 {[%emt 0:00:04]} e5 {[%emt 0:00:02]} 2. Nf3 {[%emt 0:00:03]} Nc6 {[%emt 0:00:02]} 3. d4 {[%emt 0:00:02]} exd4 {[%emt 0:00:03]} 4. Bc4 {[%emt 0:00:02]} Nf6 {[%emt 0:00:06]} 5. e5 {[%emt 0:00:11]} Ng8 {[%emt 0:00:11]} 6. O-O {[%emt 0:00:09]} Bc5 {[%emt 0:00:11]} 7. c3 {[%emt 0:00:10]} dxc3 {[%emt 0:00:07]} 8. Bxf7+ {[%emt 0:00:07]} Kxf7 {[%emt 0:00:20]} 9. Qd5+ {[%emt 0:00:07]} Ke8 {[%emt 0:00:13]} 10. Qxc5 {[%emt 0:00:09]} Nge7 {[%emt 0:00:07]} 11. Nxc3 {[%emt 0:00:09]} d6 {[%emt 0:00:27]} 12. exd6 {[%emt 0:00:12]} cxd6 {[%emt 0:00:06]} 13. Qe3 {[%emt 0:00:19]} Bg4 {[%emt 0:00:30]} 14. Re1 {[%emt 0:00:08]} Kd7 {[%emt 0:00:21]} 15. h3 {[%emt 0:00:10]} Bh5 {[%emt 0:00:05]} 16. Qe6+ {[%emt 0:00:08]} Kc7 {[%emt 0:00:04]} 17. Nb5+ {[%emt 0:00:09]} Kb8 {[%emt 0:00:10]} 18. Bf4 {[%emt 0:00:11]} Nc8 {[%emt 0:00:47]} 19. Rad1 {[%emt 0:00:08]} Re8 {[%emt 0:00:58]} 20. Bxd6+ {[%emt 0:02:39]} Nxd6 {[%emt 0:00:09]} 21. Qxd6+ {[%emt 0:00:16]} Qxd6 {[%emt 0:00:37]} 22. Rxe8+ {[%emt 0:00:11]} Nd8 {[%emt 0:00:06]} 23. Rxd8+ {[%emt 0:00:10]} Qxd8 {[%emt 0:00:06]} 24. Rxd8# {[%emt 0:00:00] Mate Mate} 1-0

[Event "OEISM 0818 BLMM"]
[Site "austriablmm"]
[Date "2020.12.12"]
[Round "4"]
[White "Viktor09"]
[Black "BORRMANN"]
[Result "0-1"]
[WhiteElo "1701"]
[BlackElo "1978"]
[Annotator "NA RC"]
[PlyCount "62"]
[EventDate "2020.12.12"]
[EventType "blitz"]

1. e4 {[%emt 0:00:04]} c5 {[%emt 0:00:01]} 2. Nf3 {[%emt 0:00:02]} Nc6 {[%emt 0:00:02]} 3. d4 {[%emt 0:00:00]} cxd4 {[%emt 0:00:04]} 4. Nxd4 {[%emt 0:00:00]} Nf6 {[%emt 0:00:09]} 5. Nc3 {[%emt 0:00:03]} d6 {[%emt 0:00:01]} 6. Bc4 {[%emt 0:00:12]} Qb6 {[%emt 0:00:03]} 7. Nxc6 {[%emt 0:00:39]} bxc6 {[%emt 0:00:00]} 8. O-O {[%emt 0:00:03]} g6 {[%emt 0:00:06]} 9. b3 {[%emt 0:00:19]} Bg7 {[%emt 0:00:15]} 10. Be3 {[%emt 0:00:14]} Qc7 {[%emt 0:00:13]} 11. Bd4 {[%emt 0:00:15]} O-O {[%emt 0:00:49]} 12. Qd2 {[%emt 0:00:22]} Bb7 {[%emt 0:00:20]} 13. f3 {[%emt 0:00:34]} Rfd8 {[%emt 0:00:28]} 14. Rad1 {[%emt 0:00:18]} e5 {[%emt 0:00:22]} 15. Bf2 {[%emt 0:00:20]} d5 {[%emt 0:00:15]} 16. exd5 {[%emt 0:00:24]} cxd5 {[%emt 0:00:00]} 17. Be2 {[%emt 0:00:07]} d4 {[%emt 0:01:08]} 18. Nb5 {[%emt 0:00:08]} Qe7 {[%emt 0:00:41]} 19. Qa5 {[%emt 0:01:06]} Nd5 {[%emt 0:00:51]} 20. c4 {[%emt 0:00:51]} Nf4 {[%emt 0:00:41]} 21. Rfe1 {[%emt 0:00:29]} Bc6 {[%emt 0:01:34]} 22. g3 {[%emt 0:00:41]} Nxe2+ {[%emt 0:00:10]} 23. Rxe2 {[%emt 0:00:04]} Bxf3 {[%emt 0:00:08]} 24. Red2 {[%emt 0:00:02]} Bxd1 {[%emt 0:00:12]} 25. Rxd1 {[%emt 0:00:00]} Rd7 {[%emt 0:00:45]} 26. Na3 {[%emt 0:00:29]} e4 {[%emt 0:00:11]} 27. Be1 {[%emt 0:00:32]} e3 {[%emt 0:00:12]} 28. Bb4 {[%emt 0:00:17]} e2 {[%emt 0:00:15]} 29. Re1 {[%emt 0:00:03]} Qe3+ {[%emt 0:00:02]} 30. Kg2 {[%emt 0:00:06]} d3 {[%emt 0:00:07]} 31. Bd2 {[%emt 0:00:04]} Qe4+ {[%emt 0:00:02] Viktor09 resigns} 0-1

[Event "OEISM 0818 BLMM"]
[Site "austriablmm"]
[Date "2020.12.12"]
[Round "4"]
[White "gadoru"]
[Black "Blumenlaus"]
[Result "0-1"]
[WhiteElo "1698"]
[BlackElo "1813"]
[Annotator "NA RC"]
[PlyCount "70"]
[EventDate "2020.12.12"]
[EventType "blitz"]

1. e4 {[%emt 0:00:03]} c5 {[%emt 0:00:03]} 2. Nf3 {[%emt 0:00:01]} d6 {[%emt 0:00:01]} 3. d4 {[%emt 0:00:01]} cxd4 {[%emt 0:00:00]} 4. Nxd4 {[%emt 0:00:01]} Nf6 {[%emt 0:00:01]} 5. Nc3 {[%emt 0:00:01]} a6 {[%emt 0:00:01]} 6. h4 {[%emt 0:00:05]} e6 {[%emt 0:00:05]} 7. g4 {[%emt 0:00:09]} Be7 {[%emt 0:00:15]} 8. g5 {[%emt 0:00:29]} Nfd7 {[%emt 0:00:01]} 9. Be3 {[%emt 0:00:15]} b5 {[%emt 0:00:04]} 10. Qd2 {[%emt 0:00:12]} Bb7 {[%emt 0:00:02]} 11. Bg2 {[%emt 0:00:16]} Ne5 {[%emt 0:00:03]} 12. O-O-O {[%emt 0:00:20]} Nc4 {[%emt 0:00:02]} 13. Qe1 {[%emt 0:00:21]} Nd7 {[%emt 0:00:09]} 14. f4 {[%emt 0:00:31]} Nxe3 {[%emt 0:00:26]} 15. Qxe3 {[%emt 0:00:04]} b4 {[%emt 0:00:17]} 16. Na4 {[%emt 0:00:34]} Qa5 {[%emt 0:00:08]} 17. b3 {[%emt 0:00:15]} Nc5 {[%emt 0:00:07]} 18. f5 {[%emt 0:01:39]} e5 {[%emt 0:02:11]} 19. Ne2 {[%emt 0:00:55]} Nxa4 {[%emt 0:00:08]} 20. bxa4 {[%emt 0:00:03]} Qxa4 {[%emt 0:00:01]} 21. Kb1 {[%emt 0:00:05]} Rc8 {[%emt 0:00:09]} 22. Rd2 {[%emt 0:00:19]} Rc5 {[%emt 0:01:04]} 23. Rf1 {[%emt 0:01:01]} g6 {[%emt 0:00:22]} 24. fxg6 {[%emt 0:00:17]} hxg6 {[%emt 0:00:00]} 25. Qf3 {[%emt 0:00:17]} Rh7 {[%emt 0:00:27]} 26. Qg3 {[%emt 0:01:18]} Ra5 {[%emt 0:00:24]} 27. Nc1 {[%emt 0:00:04]} Bc8 {[%emt 0:00:21]} 28. Bh3 {[%emt 0:00:13]} Bb7 {[%emt 0:00:39]} 29. Bg2 {[%emt 0:00:22]} Rc5 {[%emt 0:00:17]} 30. Ne2 {[%emt 0:00:07]} Qb5 {[%emt 0:00:06]} 31. Rf2 {[%emt 0:00:38]} Rc3 {[%emt 0:00:04]} 32. Rf3 {[%emt 0:00:16]} Bxe4 {[%emt 0:00:06]} 33. Nxc3 {[%emt 0:00:27]} bxc3+ {[%emt 0:00:01]} 34. Kc1 {[%emt 0:00:01]} cxd2+ {[%emt 0:00:02]} 35. Kxd2 {[%emt 0:00:02]} Bxf3 {[%emt 0:00:02] gadoru resigns} 0-1

[Event "OEISM 0818 BLMM"]
[Site "austriablmm"]
[Date "2020.12.12"]
[Round "4"]
[White "OKli2120"]
[Black "Oberwirschtl"]
[Result "1-0"]
[WhiteElo "1684"]
[BlackElo "1437"]
[Annotator "NA RC"]
[PlyCount "72"]
[EventDate "2020.12.12"]
[EventType "blitz"]

1. e4 {[%emt 0:00:04] Oberwirschtl reconnected.} e5 {[%emt 0:00:17]} 2. Nf3 {[%emt 0:00:02]} Nf6 {[%emt 0:00:05]} 3. Nxe5 {[%emt 0:00:02]} d6 {[%emt 0:00:01]} 4. Nf3 {[%emt 0:00:02]} Nxe4 {[%emt 0:00:01]} 5. d4 {[%emt 0:00:02]} d5 {[%emt 0:00:02]} 6. Bd3 {[%emt 0:00:02]} Nc6 {[%emt 0:00:09]} 7. O-O {[%emt 0:00:10]} Be7 {[%emt 0:00:03]} 8. c4 {[%emt 0:00:04]} Nb4 {[%emt 0:00:09]} 9. Nc3 {[%emt 0:00:12]} Nxd3 {[%emt 0:00:09]} 10. Qxd3 {[%emt 0:00:02]} Bf5 {[%emt 0:00:45]} 11. Qe2 {[%emt 0:00:31]} Nxc3 {[%emt 0:00:31]} 12. bxc3 {[%emt 0:00:04]} O-O {[%emt 0:00:06]} 13. Re1 {[%emt 0:00:14]} Re8 {[%emt 0:00:06]} 14. cxd5 {[%emt 0:00:37]} Qxd5 {[%emt 0:00:14]} 15. Bg5 {[%emt 0:00:14]} Bf8 {[%emt 0:01:08]} 16. Qxe8 {[%emt 0:00:38]} Rxe8 {[%emt 0:00:00]} 17. Rxe8 {[%emt 0:00:02]} f6 {[%emt 0:00:20]} 18. Bf4 {[%emt 0:00:18]} Kf7 {[%emt 0:00:35]} 19. Rae1 {[%emt 0:00:15]} Qxa2 {[%emt 0:00:37]} 20. Bxc7 {[%emt 0:00:05]} Qc4 {[%emt 0:00:40]} 21. Ba5 {[%emt 0:00:27]} b6 {[%emt 0:00:11]} 22. Bb4 {[%emt 0:00:08]} Bxb4 {[%emt 0:00:10]} 23. cxb4 {[%emt 0:00:04]} Qxb4 {[%emt 0:00:04]} 24. Ra8 {[%emt 0:00:18]} Qa4 {[%emt 0:00:28]} 25. d5 {[%emt 0:00:23]} Be4 {[%emt 0:00:14]} 26. Rd8 {[%emt 0:00:22]} Qc4 {[%emt 0:00:50]} 27. d6 {[%emt 0:01:03]} Bf5 {[%emt 0:00:50]} 28. Rd1 {[%emt 0:00:33]} Qc6 {[%emt 0:00:26]} 29. d7 {[%emt 0:00:11]} Bxd7 {[%emt 0:00:50]} 30. R8xd7+ {[%emt 0:00:04]} Kg6 {[%emt 0:00:01]} 31. Ne5+ {[%emt 0:00:08]} fxe5 {[%emt 0:00:14]} 32. R7d6+ {[%emt 0:00:02]} Qxd6 {[%emt 0:00:01]} 33. Rxd6+ {[%emt 0:00:01]} Kf5 {[%emt 0:00:00]} 34. Rd7 {[%emt 0:00:03]} a5 {[%emt 0:00:06]} 35. Rb7 {[%emt 0:00:02]} Ke4 {[%emt 0:00:02]} 36. Rxb6 {[%emt 0:00:02]} Kd4 {[%emt 0:00:13] Oberwirschtl resigns Oberwirschtl reconnected.} 1-0

[Event "OEISM 0818 BLMM"]
[Site "austriablmm"]
[Date "2020.12.12"]
[Round "4"]
[White "Martinovicdavid"]
[Black "BiancaD"]
[Result "1-0"]
[WhiteElo "1672"]
[BlackElo "1574"]
[Annotator "NA RC"]
[PlyCount "133"]
[EventDate "2020.12.12"]
[EventType "blitz"]

1. e4 {[%emt 0:00:03]} e5 {[%emt 0:00:01]} 2. Nf3 {[%emt 0:00:03]} Nf6 {[%emt 0:00:01]} 3. Nxe5 {[%emt 0:00:04]} Qe7 {[%emt 0:00:04]} 4. Nf3 {[%emt 0:00:07]} Nxe4 {[%emt 0:00:07]} 5. Qe2 {[%emt 0:00:10]} Nf6 {[%emt 0:00:04]} 6. Nc3 {[%emt 0:00:05]} Qxe2+ {[%emt 0:00:06]} 7. Bxe2 {[%emt 0:00:03]} Bb4 {[%emt 0:00:01]} 8. d3 {[%emt 0:00:03]} O-O {[%emt 0:00:03]} 9. O-O {[%emt 0:00:03]} Nc6 {[%emt 0:00:01]} 10. Bd2 {[%emt 0:00:05]} Bxc3 {[%emt 0:00:03]} 11. Bxc3 {[%emt 0:00:02]} d5 {[%emt 0:00:04]} 12. Rfe1 {[%emt 0:00:05]} Re8 {[%emt 0:00:05]} 13. Nd4 {[%emt 0:00:19]} Nxd4 {[%emt 0:00:12]} 14. Bxd4 {[%emt 0:00:03]} Bg4 {[%emt 0:00:05]} 15. Bxf6 {[%emt 0:00:22]} Bxe2 {[%emt 0:00:11]} 16. Bd4 {[%emt 0:00:17]} b6 {[%emt 0:00:17]} 17. b3 {[%emt 0:00:12]} Re7 {[%emt 0:00:02]} 18. f3 {[%emt 0:00:02]} Rae8 {[%emt 0:00:05]} 19. Kf2 {[%emt 0:00:04]} c5 {[%emt 0:00:05]} 20. Bc3 {[%emt 0:00:09]} d4 {[%emt 0:00:01]} 21. Bd2 {[%emt 0:00:03]} h6 {[%emt 0:00:20]} 22. a4 {[%emt 0:00:24]} g5 {[%emt 0:00:13]} 23. a5 {[%emt 0:00:03]} b5 {[%emt 0:00:07]} 24. a6 {[%emt 0:00:12]} Kg7 {[%emt 0:00:22]} 25. Ra5 {[%emt 0:00:03]} Re5 {[%emt 0:00:45]} 26. Rxb5 {[%emt 0:00:07]} f5 {[%emt 0:00:05]} 27. Rb7+ {[%emt 0:00:17]} R8e7 {[%emt 0:00:08]} 28. Rxe7+ {[%emt 0:00:19]} Rxe7 {[%emt 0:00:02]} 29. Rxe2 {[%emt 0:00:02]} Rxe2+ {[%emt 0:00:07]} 30. Kxe2 {[%emt 0:00:02]} Kf6 {[%emt 0:00:02]} 31. c3 {[%emt 0:00:07]} Ke5 {[%emt 0:00:03]} 32. b4 {[%emt 0:00:21]} Kd5 {[%emt 0:00:19]} 33. bxc5 {[%emt 0:00:05]} Kxc5 {[%emt 0:00:02]} 34. cxd4+ {[%emt 0:00:03]} Kxd4 {[%emt 0:00:01]} 35. Ba5 {[%emt 0:00:03]} Kd5 {[%emt 0:00:04]} 36. Bc7 {[%emt 0:00:28]} Kc6 {[%emt 0:00:03]} 37. Bd8 {[%emt 0:00:02]} Kb5 {[%emt 0:00:05]} 38. d4 {[%emt 0:00:19]} Kxa6 {[%emt 0:00:02]} 39. Kd3 {[%emt 0:00:05]} Kb7 {[%emt 0:00:01]} 40. Kc4 {[%emt 0:00:02]} Kc6 {[%emt 0:00:01]} 41. d5+ {[%emt 0:00:03]} Kd6 {[%emt 0:00:01]} 42. Ba5 {[%emt 0:00:05]} a6 {[%emt 0:00:17]} 43. Bb4+ {[%emt 0:00:03]} Kd7 {[%emt 0:00:05]} 44. Kc5 {[%emt 0:00:03]} f4 {[%emt 0:00:15]} 45. Kb6 {[%emt 0:00:07]} a5 {[%emt 0:00:10]} 46. Kxa5 {[%emt 0:00:02]} Kc7 {[%emt 0:00:02]} 47. Kb5 {[%emt 0:00:02]} Kd7 {[%emt 0:00:01]} 48. Kc4 {[%emt 0:00:07]} h5 {[%emt 0:00:04]} 49. Kd4 {[%emt 0:00:02]} g4 {[%emt 0:00:03]} 50. fxg4 {[%emt 0:00:04]} hxg4 {[%emt 0:00:01]} 51. Ke4 {[%emt 0:00:02]} g3 {[%emt 0:00:03]} 52. hxg3 {[%emt 0:00:06]} fxg3 {[%emt 0:00:01]} 53. Kf3 {[%emt 0:00:01]} Kc7 {[%emt 0:00:04]} 54. Kxg3 {[%emt 0:00:01]} Kb6 {[%emt 0:00:06]} 55. Kf4 {[%emt 0:00:02]} Kb5 {[%emt 0:00:01]} 56. Bf8 {[%emt 0:00:03]} Kc4 {[%emt 0:00:01]} 57. Ke5 {[%emt 0:00:01]} Kd3 {[%emt 0:00:03]} 58. g4 {[%emt 0:00:01]} Ke3 {[%emt 0:00:01]} 59. g5 {[%emt 0:00:01]} Kf3 {[%emt 0:00:01]} 60. g6 {[%emt 0:00:01]} Kg4 {[%emt 0:00:07]} 61. d6 {[%emt 0:00:02]} Kg5 {[%emt 0:00:02]} 62. g7 {[%emt 0:00:02]} Kg6 {[%emt 0:00:03]} 63. g8=Q+ {[%emt 0:00:02]} Kh5 {[%emt 0:00:01]} 64. d7 {[%emt 0:00:07]} Kh4 {[%emt 0:00:02]} 65. d8=Q+ {[%emt 0:00:03]} Kh3 {[%emt 0:00:01]} 66. Qdg5 {[%emt 0:00:05]} Kh2 {[%emt 0:00:02]} 67. Qh6# {[%emt 0:00:01] Mate Mate} 1-0

[Event "OEISM 0818 BLMM"]
[Site "austriablmm"]
[Date "2020.12.12"]
[Round "4"]
[White "Famol"]
[Black "Xvv_valentina"]
[Result "1-0"]
[WhiteElo "1639"]
[BlackElo "1582"]
[Annotator "NA RC"]
[PlyCount "131"]
[EventDate "2020.12.12"]
[EventType "blitz"]

1. d4 {[%emt 0:00:06]} d5 {[%emt 0:00:03]} 2. c4 {[%emt 0:00:01]} e6 {[%emt 0:00:04]} 3. Bf4 {[%emt 0:00:01]} Nc6 {[%emt 0:00:02]} 4. e3 {[%emt 0:00:01]} Nf6 {[%emt 0:00:02]} 5. Nf3 {[%emt 0:00:02]} Bb4+ {[%emt 0:00:11]} 6. Nc3 {[%emt 0:00:02]} b6 {[%emt 0:00:10]} 7. a3 {[%emt 0:00:02]} Bxc3+ {[%emt 0:00:05]} 8. bxc3 {[%emt 0:00:02]} Bb7 {[%emt 0:00:02]} 9. Rb1 {[%emt 0:00:07]} O-O {[%emt 0:00:10]} 10. c5 {[%emt 0:00:02]} Qe7 {[%emt 0:00:33]} 11. Qb3 {[%emt 0:00:16]} h6 {[%emt 0:00:05]} 12. Bd3 {[%emt 0:00:03]} Rab8 {[%emt 0:00:13]} 13. cxb6 {[%emt 0:00:08]} axb6 {[%emt 0:00:10]} 14. O-O {[%emt 0:00:02]} Rfe8 {[%emt 0:00:37]} 15. h3 {[%emt 0:00:02]} Na5 {[%emt 0:00:21]} 16. Qb4 {[%emt 0:00:08]} Qxb4 {[%emt 0:00:15]} 17. cxb4 {[%emt 0:00:01]} Nc4 {[%emt 0:00:20]} 18. Bxc4 {[%emt 0:00:02]} dxc4 {[%emt 0:00:07]} 19. Bxc7 {[%emt 0:00:13]} Rbc8 {[%emt 0:00:06]} 20. Bxb6 {[%emt 0:00:01]} Ne4 {[%emt 0:00:06]} 21. Bc5 {[%emt 0:00:11]} Rf8 {[%emt 0:00:27]} 22. Bxf8 {[%emt 0:00:52]} Kxf8 {[%emt 0:00:04]} 23. Rbc1 {[%emt 0:00:01]} c3 {[%emt 0:00:12]} 24. Rc2 {[%emt 0:00:04]} Bd5 {[%emt 0:00:19]} 25. Rfc1 {[%emt 0:00:08]} Bb3 {[%emt 0:00:07]} 26. Re2 {[%emt 0:00:05]} c2 {[%emt 0:00:25]} 27. Ne1 {[%emt 0:00:21]} Nc3 {[%emt 0:00:39]} 28. Rexc2 {[%emt 0:00:27]} Bxc2 {[%emt 0:00:06]} 29. Rxc2 {[%emt 0:00:01]} Rc7 {[%emt 0:00:26]} 30. Nf3 {[%emt 0:00:03]} Nb5 {[%emt 0:00:16]} 31. Rxc7 {[%emt 0:00:03]} Nxc7 {[%emt 0:00:01]} 32. Kf1 {[%emt 0:00:03]} Ke7 {[%emt 0:00:03]} 33. Ke2 {[%emt 0:00:01]} Nb5 {[%emt 0:00:04]} 34. a4 {[%emt 0:00:10]} Nc3+ {[%emt 0:00:02]} 35. Kd3 {[%emt 0:00:01]} Nxa4 {[%emt 0:00:02]} 36. Ne5 {[%emt 0:00:07]} f6 {[%emt 0:00:13]} 37. Nc6+ {[%emt 0:00:12]} Kd6 {[%emt 0:00:07] Xvv_valentina offers a draw} 38. Na5 {[%emt 0:00:21]} Kd5 {[%emt 0:00:12]} 39. e4+ {[%emt 0:00:11]} Kd6 {[%emt 0:00:11]} 40. Nc4+ {[%emt 0:00:10]} Kc6 {[%emt 0:00:07]} 41. Kc2 {[%emt 0:00:13]} Kb5 {[%emt 0:00:14]} 42. Kb3 {[%emt 0:00:03]} e5 {[%emt 0:00:20]} 43. d5 {[%emt 0:00:08]} f5 {[%emt 0:00:12]} 44. exf5 {[%emt 0:00:11]} e4 {[%emt 0:00:07]} 45. d6 {[%emt 0:00:02]} Nb6 {[%emt 0:00:07]} 46. Nxb6 {[%emt 0:00:02]} Kxb6 {[%emt 0:00:02]} 47. Kc4 {[%emt 0:00:01]} Kc6 {[%emt 0:00:03]} 48. Kd4 {[%emt 0:00:01]} Kxd6 {[%emt 0:00:02]} 49. Kxe4 {[%emt 0:00:00]} Kc6 {[%emt 0:00:02]} 50. Ke5 {[%emt 0:00:02]} Kb5 {[%emt 0:00:01]} 51. Ke6 {[%emt 0:00:01]} Kxb4 {[%emt 0:00:01]} 52. Kf7 {[%emt 0:00:00]} Kc5 {[%emt 0:00:02]} 53. Kxg7 {[%emt 0:00:01]} Kd5 {[%emt 0:00:01]} 54. Kxh6 {[%emt 0:00:00]} Ke5 {[%emt 0:00:03]} 55. Kg6 {[%emt 0:00:00]} Kf4 {[%emt 0:00:05]} 56. f6 {[%emt 0:00:01]} Ke4 {[%emt 0:00:02]} 57. f7 {[%emt 0:00:00]} Kd3 {[%emt 0:00:01]} 58. f8=Q {[%emt 0:00:01]} Ke2 {[%emt 0:00:01]} 59. Qa3 {[%emt 0:00:05]} Kxf2 {[%emt 0:00:02]} 60. Kg5 {[%emt 0:00:02]} Kxg2 {[%emt 0:00:01]} 61. h4 {[%emt 0:00:01]} Kh2 {[%emt 0:00:02]} 62. Kg4 {[%emt 0:00:11]} Kg1 {[%emt 0:00:04]} 63. Qb2 {[%emt 0:00:02]} Kf1 {[%emt 0:00:03]} 64. Qd2 {[%emt 0:00:01]} Kg1 {[%emt 0:00:03]} 65. Kg3 {[%emt 0:00:00]} Kf1 {[%emt 0:00:03]} 66. Qf2# {[%emt 0:00:01] Mate Mate} 1-0

[Event "OEISM 0818 BLMM"]
[Site "austriablmm"]
[Date "2020.12.12"]
[Round "4"]
[White "Cachri"]
[Black "SaRaHo"]
[Result "1-0"]
[WhiteElo "1555"]
[BlackElo "1727"]
[Annotator "NA RC"]
[PlyCount "111"]
[EventDate "2020.12.12"]
[EventType "blitz"]

1. d4 {[%emt 0:00:06]} d5 {[%emt 0:00:08]} 2. Bf4 {[%emt 0:00:01]} c5 {[%emt 0:00:03]} 3. e3 {[%emt 0:00:09]} Nc6 {[%emt 0:00:04]} 4. c3 {[%emt 0:00:03]} e6 {[%emt 0:00:03]} 5. Nf3 {[%emt 0:00:01]} Nf6 {[%emt 0:00:07]} 6. Nbd2 {[%emt 0:00:01]} Bd6 {[%emt 0:00:03]} 7. Bg3 {[%emt 0:00:02]} O-O {[%emt 0:00:08]} 8. Bd3 {[%emt 0:00:14]} Re8 {[%emt 0:00:04]} 9. Ne5 {[%emt 0:00:15]} Nd7 {[%emt 0:00:09]} 10. Nxc6 {[%emt 0:00:03]} bxc6 {[%emt 0:00:02]} 11. Bxd6 {[%emt 0:00:01]} cxd4 {[%emt 0:00:13]} 12. cxd4 {[%emt 0:00:27]} e5 {[%emt 0:00:03]} 13. Bxe5 {[%emt 0:02:28]} Nxe5 {[%emt 0:00:04]} 14. dxe5 {[%emt 0:00:00]} Rxe5 {[%emt 0:00:02]} 15. Nf3 {[%emt 0:00:07]} Rh5 {[%emt 0:00:19]} 16. Nd4 {[%emt 0:00:53]} Rh6 {[%emt 0:00:15]} 17. b4 {[%emt 0:01:00]} Qg5 {[%emt 0:00:07]} 18. Qf3 {[%emt 0:00:47]} Bg4 {[%emt 0:00:04]} 19. Qf4 {[%emt 0:00:30]} Qe7 {[%emt 0:00:10]} 20. a3 {[%emt 0:00:23]} Bh5 {[%emt 0:00:13]} 21. h3 {[%emt 0:00:26]} Bg6 {[%emt 0:00:07]} 22. Bxg6 {[%emt 0:00:09]} hxg6 {[%emt 0:00:04]} 23. Rc1 {[%emt 0:00:14]} Rh4 {[%emt 0:00:02]} 24. g4 {[%emt 0:00:08]} f5 {[%emt 0:00:07]} 25. Nxc6 {[%emt 0:00:27]} Qb7 {[%emt 0:00:12]} 26. Qd6 {[%emt 0:00:24]} Qf7 {[%emt 0:00:17]} 27. Qxd5 {[%emt 0:00:14]} fxg4 {[%emt 0:00:22]} 28. Qxf7+ {[%emt 0:00:04]} Kxf7 {[%emt 0:00:01]} 29. Rc4 {[%emt 0:00:05]} Rxh3 {[%emt 0:00:31]} 30. Rxh3 {[%emt 0:00:05]} gxh3 {[%emt 0:00:01]} 31. Rh4 {[%emt 0:00:01]} Rc8 {[%emt 0:00:03]} 32. b5 {[%emt 0:00:01]} a6 {[%emt 0:00:11]} 33. a4 {[%emt 0:00:01]} axb5 {[%emt 0:00:03]} 34. axb5 {[%emt 0:00:00]} Rb8 {[%emt 0:00:09]} 35. Nd4 {[%emt 0:00:04]} Rc8 {[%emt 0:00:11]} 36. Rxh3 {[%emt 0:00:03]} Kf6 {[%emt 0:00:04]} 37. Kd2 {[%emt 0:00:02]} Ke5 {[%emt 0:00:02]} 38. Rg3 {[%emt 0:00:07]} Kf6 {[%emt 0:00:03]} 39. Kd3 {[%emt 0:00:11]} Ra8 {[%emt 0:00:04]} 40. Kc4 {[%emt 0:00:10]} Ra4+ {[%emt 0:00:03]} 41. Kc5 {[%emt 0:00:02]} Ra2 {[%emt 0:00:03]} 42. Rf3+ {[%emt 0:00:01]} Ke5 {[%emt 0:00:04]} 43. Rf7 {[%emt 0:00:23]} Rb2 {[%emt 0:00:10]} 44. b6 {[%emt 0:00:15]} Rb1 {[%emt 0:00:18]} 45. Kc6 {[%emt 0:00:27]} Rc1+ {[%emt 0:00:03]} 46. Kb7 {[%emt 0:00:11]} Kd5 {[%emt 0:00:10]} 47. Rc7 {[%emt 0:00:05]} Rf1 {[%emt 0:00:14]} 48. Rf7 {[%emt 0:00:14]} Rc1 {[%emt 0:00:03]} 49. Kb8 {[%emt 0:00:03]} Rb1 {[%emt 0:00:06]} 50. b7 {[%emt 0:00:03]} Kd6 {[%emt 0:00:05]} 51. Rxg7 {[%emt 0:00:06]} Kc5 {[%emt 0:00:07]} 52. Rc7+ {[%emt 0:00:06]} Kd6 {[%emt 0:00:11]} 53. Kc8 {[%emt 0:00:02]} Rh1 {[%emt 0:00:08]} 54. Rd7+ {[%emt 0:00:01]} Ke5 {[%emt 0:00:05]} 55. b8=Q+ {[%emt 0:00:01]} Kf6 {[%emt 0:00:05]} 56. Qf4# {[%emt 0:00:01] Mate Mate} 1-0